Využiteľnosť potenciálu veternej energie na Slovensku

Súčasné využívanie veternej energie na Slovensku. Podiel výroby energie vyrobenej z obnoviteľných zdrojov, ako aj perspektívy vývoja do roku 2020 v podmienkach SR a Európskej únie.

Enregistré dans:
Détails bibliographiques
Auteur principal: Thomasová, Elena
Format: Chapitre de livre
Langue:slovaque
Sujets:
Tags: Ajouter un tag
Pas de tags, Soyez le premier à ajouter un tag!

MARC

LEADER 00000naa$a2200000$$$4500
001 0162861
005 20240502072824.9
041 0 |a slo 
044 |a SK 
245 1 0 |a Využiteľnosť potenciálu veternej energie na Slovensku  |c Elena Thomasová 
520 |a Súčasné využívanie veternej energie na Slovensku. Podiel výroby energie vyrobenej z obnoviteľných zdrojov, ako aj perspektívy vývoja do roku 2020 v podmienkach SR a Európskej únie. 
610 2 0 |a energetika 
610 2 0 |a výroba energie 
610 2 0 |a energia veterná 
610 2 0 |a zdroje energie obnoviteľné 
610 2 0 |a zdroje energie prírodné 
610 2 0 |a využitie energie 
100 1 |a Thomasová, Elena